Todas as músicas da Ariana Grande - Statistics

Estatísticas Gerais
  • Esse quiz foi jogado 1 075 vezes
  • A pontuação média é 42 de 144
Estatísticas das Respostas
Hint Resposta % Correto
POSITIONS Positions
85%
DANGEROUS WOMAN Dangerous Woman
84%
THANK U, NEXT Thank U, Next
83%
THANK U, NEXT 7 Rings
76%
POSITIONS 34+35
73%
SWEETENER God Is A Woman
70%
DANGEROUS WOMAN Side To Side
65%
DANGEROUS WOMAN Into You
61%
POSITIONS POV
61%
MY EVERYTHING Problem
60%
MY EVERYTHING Break Free
59%
THANK U, NEXT Break Up With Your Girlfriend
59%
SWEETENER No Tears Left To Cry
59%
SWEETENER Sweetener
58%
MY EVERYTHING Bang Bang
54%
MY EVERYTHING One Last Time
53%
YOURS TRULY The Way
53%
THANK U, NEXT NASA
52%
THANK U, NEXT Bloodline
50%
THANK U, NEXT Imagine
50%
MY EVERYTHING Love Me Harder
50%
MY EVERYTHING My Everything
50%
THANK U, NEXT Needy
50%
YOURS TRULY Baby I
49%
YOURS TRULY Honeymoon Avenue
49%
SINGLE Santa Tell Me
49%
THANK U, NEXT Ghostin
48%
POSITIONS Motive
48%
DANGEROUS WOMAN Moonlight
47%
SWEETENER Breathin
46%
THANK U, NEXT In My Head
45%
DANGEROUS WOMAN Everyday
44%
UNRELEASED You
44%
THANK U, NEXT Bad Idea
43%
DANGEROUS WOMAN Greedy
43%
SWEETENER Everytime
42%
SINGLE Focus
42%
THANK U, NEXT Make Up
42%
POSITIONS Off The Table
42%
POSITIONS Shut Up
42%
SWEETENER The Light Is Coming
42%
POSITIONS My Hair
41%
SWEETENER Raindrops (An Angel Cried)
41%
SWEETENER R.E.M
41%
COLLAB Save Your Tears (Remix)
41%
THANK U, NEXT Fake Smile
39%
POSITIONS Safety Net
38%
CHRISTMAS & CHILL | MY EVERYTHING Intro
37%
SWEETENER Pete Davidson
37%
YOURS TRULY Right There
37%
DANGEROUS WOMAN Let Me Love You
36%
YOURS TRULY Piano
36%
YOURS TRULY Tattooed Heart
36%
SWEETENER Blazed
35%
SWEETENER Goodnight N Go
35%
POSITIONS Nasty
34%
DANGEROUS WOMAN Be Alright
33%
SWEETENER Get Well Soon
33%
YOURS TRULY Daydreamin'
32%
POSITIONS Obvious
32%
POSITIONS West Side
32%
COLLAB Boyfriend
31%
POSITIONS Just Like Magic
31%
YOURS TRULY Popular Song
31%
SWEETENER Better Off
30%
SWEETENER Borderline
30%
POSITIONS Love Language
30%
SWEETENER Successful
30%
POSITIONS (DELUXE) Test Drive
30%
DANGEROUS WOMAN Touch It
30%
YOURS TRULY Almost Is Never Enough
29%
MY EVERYTHING Best Mistake
29%
DANGEROUS WOMAN Leave Me Lonely
29%
COLLAB Rain On Me
28%
MOVIE SOUNDTRACK Don't Call Me Angel
27%
POSITIONS Six Thirty
27%
DANGEROUS WOMAN Bad Decisions
26%
MY EVERYTHING Be My Baby
26%
MY EVERYTHING Only 1
26%
DANGEROUS WOMAN Knew Better/Forever Boy
25%
DANGEROUS WOMAN Sometimes
25%
MY EVERYTHING Why Try
23%
YOURS TRULY Better Left Unsaid
22%
MY EVERYTHING Hands On Me
22%
MY EVERYTHING Just A Little Bit Of Your Heart
22%
POSITIONS (DELUXE) Main Thing
22%
COLLAB Stuck With U
22%
POSITIONS (DELUXE) Worst Behavior
22%
POSITIONS (DELUXE) 34+35 Remix
21%
MY EVERYTHING Break Your Heart Right Back
21%
POSITIONS (DELUXE) Someone Like U - Interlude
21%
YOURS TRULY You'll Never Know
20%
DANGEROUS WOMAN Jason's Song (Gave It Away)
19%
YOURS TRULY Lovin' It
19%
COLLAB Bed
18%
CHRISTMAS & CHILL December
17%
CHRISTMAS KISSES Last Christmas
17%
COLLAB MONOPOLY
17%
DANGEROUS WOMAN Step On Up
17%
COLLAB Quit
16%
MY EVERYTHING You Don't Know Me
16%
DANGEROUS WOMAN I Don't Care
15%
DANGEROUS WOMAN Thinkin Bout You
15%
MOVIE SOUNDTRACK How I Look On You
13%
CHRISTMAS & CHILL True Love
13%
MOVIE SOUNDTRACK Beauty And The Beast
12%
COLLAB Dance To This
11%
SINGLE Put Your Hearts Up
11%
CHRISTMAS & CHILL Winter Things
11%
CHRISTMAS KISSES Santa Baby
10%
MOVIE SOUNDTRACK Bad To You
9%
COLLAB Met Him Last Night
9%
COLLAB I Don't Do Drugs
8%
COLLAB My Favorite Part
8%
CHRISTMAS KISSES Snow In California
8%
UNRELEASED Pink Champagne
7%
COVER Somewhere Over The Rainbow
7%
MOVIE SOUNDTRACK All My Love
6%
UNRELEASED Cadillac Song
6%
COLLAB Get On Your Knees
6%
CHRISTMAS & CHILL Not Just On Christmas
6%
COLLAB Adore
5%
COLLAB Faith
5%
COLLAB Good As Hell (Remix)
5%
CHRISTMAS KISSES Love Is Everything
5%
COLLAB Oh Santa!
5%
MOVIE SOUNDTRACK They Don't Know
5%
MOVIE SOUNDTRACK Got Her Own
4%
MOVIE SOUNDTRACK Nobody
4%
UNRELEASED Too Close
4%
CHRISTMAS & CHILL Wit It This Christmas
4%
COLLAB Rule The World
3%
COLLAB A Hand For Mrs. Claus
1%
COLLAB Heatstroke
1%
UNRELEASED Nobody Does It Better
1%
COLLAB Over And Over Again
1%
COLLAB Research
1%
COLLAB Time
1%
COLLAB Arturo Sandoval
0%
UNRELEASED Baby Loves
0%
UNRELEASED I Don't Want To Be Alone For Christmas
0%
UNRELEASED Jason On Occasion
0%
UNRELEASED No Love For The Lonely
0%
Nenhum quiz correspondente encontrado
Distribuição das Pontuações
Porcentagem de Pessoas com Cada Pontuação
Percentil de Números Respondidos
Sua Pontuação Histórica
Você não jogou esse quiz